banner-ar

FISHES OF THE SRAI THE NORTH ATLANTIC AND MEDITERRANEAN / (Record no. 11658)

MARC details
000 -الفاتح
حقل البيانات ثابتة الطول 00499nam a2200169Ia 4500
008 - عناصر البيانات ثابتة الطول - معلومات عامة
حقل البيانات ثابتة الطول 140319s9999 xx 000 0 eng d
040 ## - مصدر الفهرسة
وكالة الفهرسة الأصلية GCL /
وكالة النسخ GCL
082 04 - رقم تصنيف ديوى العشرى
رقم التصنيف 597.09211
رقم المادة J F
100 1# - المدخل الرئيسى - إسم شخصى
الإسم الشخصى JOHN AND GILLIAN LLYTHGOE
245 10 - بيان العنوان
العنوان FISHES OF THE SRAI THE NORTH ATLANTIC AND MEDITERRANEAN /
بيان المسئوليه,etc JOHN AND GILLIAN LLYTHGOE
260 ## - PUBLICATION, DISTRIBUTION, ETC. (IMPRINT)
تاريخ النشر أو التوزيع 1991
300 ## - الوصف المادى
التعداد 255 P
650 04 - المدخل الاضافى بالموضوع-مصطلح موضوعى
مصطلح موضوعي MEDITERRANEAN SEA
650 04 - المدخل الاضافى بالموضوع-مصطلح موضوعى
مصطلح موضوعي MARINE FISHES - NORTH ATLANTIN
942 ## - عناصر المدخل الإضافي( كوها)
مصدر التصنيف او مخطط الترفيف Dewey Decimal Classification
Koha [default] item type كتاب
260 ## - PUBLICATION, DISTRIBUTION, ETC. (IMPRINT)
-- [S.N] :
-- BLANFORD ،
Holdings
حالة التراجع حالة الفقد حالة تلف ليس للاعارة المكان المؤقت الموقع الحالى تاريخ الاكتساب اجمالي اﻻعارات رقم الطلب الباركود تاريخ اخر مشاهدة تاريخ تفعيل السعر نوع وعاء كوها
        مكتبة القاهرة الكبرى مكتبة القاهرة الكبرى 03/26/2014   597.09211\J F 22954 03/26/2014 03/26/2014 كتاب

Powered By

EGPV